| 000 | 00789nam a22002177a 4500 | ||
|---|---|---|---|
| 005 | 20210325205801.0 | ||
| 008 | s2553 th tha d | ||
| 020 | _a9786165570046 | ||
| 041 | _atha | ||
| 050 | _aHF5386 ว916ส 2553 | ||
| 100 | 0 | _aเว่ยจ่าง | |
| 245 | 1 | 0 | _aสู้งาน...สู้ชีวิต แบบมังกร |
| 260 | 3 |
_aกรุงเทพฯ : _bเลิฟ บุ๊คส์, _c2553 |
|
| 300 |
_a128 หน้า ; _b 21 ซม. |
||
| 650 | 0 | 4 | _aความสำเร็จทางธุรกิจ |
| 850 | _aNALT | ||
| 942 | _cGB | ||
| 997 | _aบ 24293 | ||
| 997 | _c000000000064437 | ||
| 998 | _aนางสาวสายฝน ดีงาม | ||
| 999 |
_c64437 _d64437 |
||